European History by Letter F - Statistics

General Stats
  • This quiz has been taken 915 times
  • The average score is 10 of 15
Answer Stats
Hint Answer % Correct
Dutch Jewish girl who became famous for her diary Anna Frank
98%
Archduke assassinated in Sarajevo Franz Ferdinand
96%
City of the Medici Florence
93%
German word for "leader" Führer
92%
Mussolini's ideology Fascism
90%
The USSR fought against this country in the Winter War Finland
90%
Founder of psychoanalysis Sigmund Freud
90%
EU financial capital Frankfurt
81%
Medieval system of lords and vassals Feudalism
76%
He discovered penicillin Alexander Fleming
66%
1789 French revolution
62%
Founder of the Franciscan order Francis of Assisi
40%
Austria's longest-reigning emperor Franz Joseph
38%
Center of public life in ancient Rome (Italian name) Forum Romanum
13%
Churchill's famous speech in which he used the term 'iron curtain' for the first time Fulton speech
4%
No matching quizzes found
Score Distribution
Percent of People with Each Score
Percentile by Number Answered
Your Score History
You have not taken this quiz